000 00514cam a2200193ua 4500
001 11960
008 191206n ii |||gr||||Z||||||eng
020 _a9789380261812
040 _cMAIN
082 _a303.625
100 _a Pear AliAhmed,
_eAuthor.
245 _aTerrorism and terrorist groups of North East India
_cBy Pear Ali Ahmed
250 _a2nd ed.
260 _aGuwahati:
_bEBH Publishers,
_c2013.
300 _a282p.
653 _aSocial processes
653 _aTerrorism in North East
942 _cBK
999 _c10747
_d10747